000 00434nam a2200181Ia 4500
001 19069
005 20260306171717.0
008 260306s9999||||xx |||||||||||||| ||und||
041 _aESP
082 _a658.8
_bH17
100 _aHalbach, Bernd
_eAUT
245 0 _aExportar con éxito:
_bqué hay que hacer para ganar
260 _c2002
300 _apágs. :
_ccm.
650 _aGEN
654 _aCAN
942 _cLIB
_dJUS
_fJUS
_2ddc
_n
999 _c19069
_d19069